000 00302nam a2200121Ia 4500
008 220204s9999 xx 000 0 und d
082 _a631.462
_bLAW
100 _aLAWRENCE, W J C
245 0 _aSoil sterilization
260 _aLondon
_bGeorge Allen& Unwin
650 _aSoil sterilization
942 _cBK
999 _c19610
_d19610